000 00420nam a2200169Ia 4500
008 230524s9999 xx 000 0 und d
082 _a6.454
_bRAB
100 _aLawrence Rabiner
245 0 _aFundamentals of Speech Recognisation
250 _a1ST
260 _aNEW DELHI
_bPearson
_c2003
300 _a507
500 _aQuantity Number: 4
650 _aElectronics
700 _a Biing Hwang Juang
942 _cBK
999 _c13886
_d13886